000 00535nam a2200181Ia 4500
008 240729s9999 xx 000 0 und d
022 _a2078-516X
245 0 _aSouth African Journal of Sports Medicine
260 _aSouth Africa
260 _bSouth African Sports Medicine Association
650 _a Internal medicine
650 _a Special situations and conditions
650 _a Sports medicine
650 _aMedicine
856 _uhttps://doaj.org/toc/adc60a197b404ec9bf9beed2bec13780
942 _2ddc
942 _cDOAJEJ
999 _c66702
_d66702
945 _a1
_bMadushi Gamage
_c1
_dMadushi Gamage